000 00415pab a2200169 454500
008 180718b2011 xxu||||| |||| 00| 0 eng d
100 _aBhagat, R.B.
245 _aEmerging pattern of urbanisation in India
260 _c2011
300 _ap.10-12.
362 _a20 Aug
650 _aUrbanization - India
650 _aUrbanization
773 _aEconomic and Political Weekly
908 _aN
909 _a93003
999 _c93003
_d93003